000 00705nam a2200217 u 4500
005 20210223130454.0
008 080528s2002 es r 000 0 spa d
020 _a8485334922
035 _aUPN01000156463
049 _aCG
050 4 _aHV4708
_bJ3.4 2002
100 1 _aJames, Barbara
245 1 0 _aLo que tú debes saber sobre los derechos de los animales /
_cBarbara James ; tr. y adapt. Amalia Bermejo.
250 _a3a ed.
260 _aSalamanca, Esp. :
_bLóguez,
_c2002.
300 _a153 p.
440 0 _aLector joven
534 _pTítulo original:
_tThe young person's action guide to animal rights
650 4 _aDERECHOS DE LOS ANIMALES -
_vLITERATURA JUVENIL
_913667
905 _aLibro
999 _c128577
_d128577